[Event "DRUZYNOWE MISTRZOSTWA POLSKI JUNIOROW - II LIGA"]
[Site "Szczyrk, CKiR Orle Gniazdo ul. Wrzosowa 28a"]
[Date "2014-08-01"]
[Round "10.105"]
[White "Gworys, Grzegorz"]
[Black "Andrzejewska, Maja"]
[Result "1-0"]
[WhiteTitle "II"]
[BlackTitle "II"]
[WhiteElo "1391"]
[BlackElo "1134"]

1. e4 c5 2. Nf3 d6 3. d4 cxd4 4. Nxd4 Nf6 5. Nc3 Qb6 6. Rb1 e5 7. Ndb5 a6 8. Be3
Qc6 9. f3 Bd7 10. Na3 Be7 11. Nd5 Nxd5 12. exd5 Qc7 13. Nc4 b5 14. Nb6 Ra7 15.
Nxd7 Nxd7 16. Bxa7 Qxa7 17. Bd3 O-O 18. Qe2 Nf6 19. Be4 Rc8 20. c3 Nh5 21. Qf2
Qxf2+ 22. Kxf2 g6 23. g4 Ng7 24. Rhg1 Bd8 25. Rg2 Kf8 26. Rc1 Ne8 27. Bd3 Bg5
28. Rc2 Nf6 29. c4 bxc4 30. Rxc4 Rxc4 31. Bxc4 Ke7 32. Rg1 a5 33. Ke2 e4 34. h3
h6 35. a3 Kd7 36. b4 axb4 37. axb4 Kc7 38. Ra1 exf3+ 39. Kxf3 Bd2 40. b5 Kb6 41.
Ra6+ Kb7 42. Rxd6 Ne8 43. Rd7+ Kb6 44. Rxf7 Kc5 45. Re7 Nd6 46. Rc7+ Kb6 47. Rc6+
Kb7 48. Rxd6 Bb4 49. Rxg6 Bc5 50. d6 Kc8 51. b6 Bxb6 52. d7+ Kc7 53. Rxb6 Kxd7
54. Rxh6 Ke7 55. g5 Kf8 56. g6 Kg7 57. Rh7+ Kxg6 58. Bd3+ Kf6 59. h4 Ke6 60. h5
Kf6 61. h6 Kg5 62. Rh8 Kf6 63. h7 Kg7 64. Rg8+ Kf7 65. h8=Q Ke6 66. Rg5 Kd6 67.
Qf6+ Kd7 68. Rg7+ Kc8 69. Qf8# 1-0

[Event "DRUZYNOWE MISTRZOSTWA POLSKI JUNIOROW - II LIGA"]
[Site "Szczyrk, CKiR Orle Gniazdo ul. Wrzosowa 28a"]
[Date "2014-08-01"]
[Round "10.106"]
[White "Poltorak, Sebastian"]
[Black "Gondro, Kacper"]
[Result "1/2-1/2"]
[WhiteTitle "II"]
[BlackTitle "II"]
[WhiteElo "1455"]
[BlackElo "1514"]

1. d4 d5 2. c4 e6 3. Nc3 Nf6 4. cxd5 exd5 5. Bg5 c6 6. Qc2 Be7 7. e3 Nbd7 8. Bd3
O-O 9. Nge2 Re8 10. O-O Ne4 11. Bf4 Ndf6 12. Nxe4 Nxe4 13. Bxe4 dxe4 14. Qxe4
f5 15. Qc2 Bf6 16. Nc3 Re7 17. Rad1 g5 18. Bg3 Be6 19. Rd2 Rg7 20. f4 g4 21. Bf2
Qd7 22. Rfd1 Rc8 23. Qd3 Bd5 24. Nxd5 cxd5 25. Rc2 Rxc2 26. Qxc2 Re7 27. Rc1 Kg7
28. b3 a6 29. Qc8 Qxc8 30. Rxc8 Kf7 31. Kf1 Rd7 32. Be1 Bd8 33. Bb4 a5 34. Bd2
b6 35. Rc6 Bc7 36. Ke2 Re7 37. Kd3 Ke8 38. Be1 Bxf4 39. exf4 Rxe1 40. Rh6 Rh1
41. g3 Ra1 42. a4 Rb1 43. Kc2 Rh1 44. Rxh7 Kf8 45. Rh5 Ke7 46. Kc3 Kf6 47. Kd2
Kg6 48. Rh8 Kg7 49. Rh4 Rb1 50. Kc3 Rc1+ 51. Kd2 Rb1 52. Kc2 Rh1 53. Kc3 Rc1+
54. Kb2 Rh1 55. Ka3 Ra1+ 1/2-1/2

[Event "DRUZYNOWE MISTRZOSTWA POLSKI JUNIOROW - II LIGA"]
[Site "Szczyrk, CKiR Orle Gniazdo ul. Wrzosowa 28a"]
[Date "2014-08-01"]
[Round "10.109"]
[White "Kaluzny, Tomasz"]
[Black "Chmielarz, Maciej"]
[Result "1-0"]
[WhiteTitle "I"]
[BlackTitle "I"]
[WhiteElo "1765"]
[BlackElo "1862"]

1. c4 c6 2. Nc3 d5 3. d4 e6 4. Bf4 Bd6 5. Bxd6 Qxd6 6. e3 Nf6 7. Nf3 Nbd7 8. Bd3
O-O 9. O-O Re8 10. Qc2 h6 11. Rfd1 Qe7 12. h3 e5 13. Nxe5 Nxe5 14. dxe5 Qxe5 15.
cxd5 Nxd5 16. Nxd5 cxd5 17. Rac1 Be6 18. b3 a6 19. Qc7 Qg5 20. Qxb7 Bxh3 21. Bf1
Be6 22. Qb4 a5 23. Qd4 Reb8 24. Be2 Rb4 25. Qc5 h5 26. Bf3 h4 27. Rxd5 Qf6 28.
Rd6 Rc8 29. Qxc8+ Bxc8 30. Rxf6 gxf6 31. Rxc8+ Kg7 32. Rc4 1-0

[Event "DRUZYNOWE MISTRZOSTWA POLSKI JUNIOROW - II LIGA"]
[Site "Szczyrk, CKiR Orle Gniazdo ul. Wrzosowa 28a"]
[Date "2014-08-01"]
[Round "10.110"]
[White "Michalski, Filip"]
[Black "Kaluzny, Jan"]
[Result "1-0"]
[WhiteTitle "I"]
[BlackTitle "II"]
[WhiteElo "1740"]
[BlackElo "1367"]

1. d4 d5 2. c4 e6 3. Nc3 f5 4. Nf3 c6 5. Ne5 Nf6 6. e3 Be7 7. Be2 O-O 8. O-O b6
9. Rb1 Bb7 10. b4 Nbd7 11. f4 Nxe5 12. fxe5 Ne4 13. Qc2 a6 14. a4 Nxc3 15. Qxc3
Qd7 16. Bd2 b5 17. cxb5 axb5 18. axb5 cxb5 19. Qd3 Bc6 20. Ra1 Rfb8 21. Rfc1 h6
22. h3 Ra4 23. Qc2 Rxa1 24. Rxa1 Ra8 25. Rc1 Rc8 26. Bxb5 Qb7 27. Bxc6 Qa6 28.
b5 Qb6 29. Ra1 Bf8 30. Qa4 Qd8 31. Bb4 Rb8 32. Bxf8 Qxf8 33. Rb1 Qd8 34. Qa7 Qc8
35. Qd7 Qf8 36. Qxe6+ Kh8 37. Qxd5 Qa3 38. Qb3 Qa5 39. e6 Qd8 40. d5 Qd6 41. Qb4
Qe5 42. Qf4 Qc3 43. Qxb8+ Kh7 44. Qf4 Qc2 45. Rf1 Qc5 46. Qxf5+ Kg8 47. Qf8+ 1-0

[Event "DRUZYNOWE MISTRZOSTWA POLSKI JUNIOROW - II LIGA"]
[Site "Szczyrk, CKiR Orle Gniazdo ul. Wrzosowa 28a"]
[Date "2014-08-01"]
[Round "10.113"]
[White "Walkowiak, Bogumila"]
[Black "Kopacka, Natalia"]
[Result "1/2-1/2"]
[WhiteTitle "II"]
[BlackTitle "II+"]
[WhiteElo "1240"]
[BlackElo "1294"]

1. e4 e5 2. Nf3 Nc6 3. Bc4 Bc5 4. c3 Nf6 5. d3 d5 6. exd5 Nxd5 7. Qb3 O-O 8. Bxd5
Na5 9. Bxf7+ Rxf7 10. Qd1 Nc6 11. b4 Bd6 12. h3 h6 13. Nbd2 a6 14. O-O Qf6 15.
Ne4 Qe6 16. Be3 Bd7 17. Nh2 Qg6 18. Kh1 Bf5 19. Qf3 Bxe4 20. Qxe4 Qxe4 21. dxe4
Bf8 22. Nf3 Be7 23. Rad1 Rd8 24. Rxd8+ Bxd8 25. Rd1 Bf6 26. Nh2 h5 27. Nf3 g5
28. Kg1 g4 29. hxg4 hxg4 30. Nh2 Rg7 31. Nf1 Bh4 32. Rd2 g3 33. fxg3 Bxg3 34.
Nxg3 Rxg3 35. Kf2 Rg4 36. Kf3 Rg7 37. Rf2 Rf7+ 38. Ke2 Rxf2+ 39. Kxf2 Kf7 40.
Kg3 Kg6 41. Kg4 b5 42. a3 a5 43. Bc5 axb4 1/2-1/2

[Event "DRUZYNOWE MISTRZOSTWA POLSKI JUNIOROW - II LIGA"]
[Site "Szczyrk, CKiR Orle Gniazdo ul. Wrzosowa 28a"]
[Date "2014-08-01"]
[Round "10.115"]
[White "Komandera, Pawel"]
[Black "Hladun, Bartlomiej"]
[Result "0-1"]
[WhiteTitle "II"]
[BlackTitle "II"]
[WhiteElo "1453"]
[BlackElo "1295"]

1. e4 c6 2. d4 d5 3. exd5 cxd5 4. Bd3 Nc6 5. c3 Nf6 6. Bf4 Bg4 7. Nf3 e6 8. Nbd2
Bd6 9. Bg3 Bxg3 10. hxg3 Qd7 11. Qb3 Rc8 12. Ne5 Qc7 13. Nxg4 Nxg4 14. Nf3 h6
15. a3 Na5 16. Qa4+ Kd8 17. Rd1 a6 18. Nd2 b5 19. Qc2 Nc4 20. Nxc4 bxc4 21. Be2
Nf6 22. Bf3 Rb8 23. Rb1 Qb6 24. Qc1 Kd7 25. Bd1 Ne4 26. Bc2 Nd6 27. a4 a5 28.
O-O Qd8 29. Qf4 h5 30. b4 cxb3 31. Rxb3 Rxb3 32. Bxb3 h4 33. Qg4 Qf6 34. Bxd5
hxg3 35. fxg3 Rh1+ 36. Kxh1 Qxf1+ 37. Kh2 Nf5 38. Be4 Nd6 39. Qf3 Qc1 40. Bd3
Qh6+ 41. Kg1 Qc1+ 42. Bf1 Ke7 43. Qd3 Kd7 44. Kf2 Qb2+ 45. Be2 Qa2 46. Qd1 Ne4+
47. Ke3 Nxc3 48. Qd3 Qxe2+ 49. Qxe2 Nxe2 50. Kxe2 Kc6 51. Kd3 Kd5 52. Kc3 f6 53.
g4 e5 54. Kd3 exd4 55. g3 g5 56. Kd2 Kc4 57. Kc2 Kb4 0-1

[Event "DRUZYNOWE MISTRZOSTWA POLSKI JUNIOROW - II LIGA"]
[Site "Szczyrk, CKiR Orle Gniazdo ul. Wrzosowa 28a"]
[Date "2014-08-01"]
[Round "10.116"]
[White "Ficek, Szymon"]
[Black "Mackowiak, Filip"]
[Result "1/2-1/2"]
[WhiteTitle "II"]
[BlackTitle "II"]
[WhiteElo "1144"]
[BlackElo "1300"]

1. e4 e6 2. d4 d5 3. exd5 exd5 4. Bd3 Nf6 5. Bf4 Bd6 6. Bxd6 Qxd6 7. Nf3 Bg4 8.
O-O O-O 9. Nbd2 Re8 10. Qc1 Nbd7 11. c3 Ne4 12. Qc2 Ndf6 13. Ne5 Nxd2 14. Qxd2
Bh5 15. Rfe1 Re7 16. h3 Rae8 17. Bc2 Nd7 18. Nd3 Bg6 19. Rxe7 Rxe7 20. Re1 f6
21. Rxe7 Qxe7 22. Bb3 c6 23. Kf1 Qd6 24. g3 Qe6 25. Nf4 Qe4 26. h4 Qb1+ 27. Kg2
a5 28. a3 b5 29. Qe2 a4 30. Nxg6 hxg6 31. Bxd5+ cxd5 32. Qe6+ Kh7 33. Qxd7 Qxb2
34. Qxd5 Qxc3 35. Qc5 Qc4 36. Kf3 Qd3+ 37. Kg2 Qe4+ 38. Kf1 Qb1+ 39. Ke2 Qb2+
40. Kd3 Qb3+ 41. Ke4 Qe6+ 42. Kd3 Qb3+ 43. Qc3 Qd5 1/2-1/2

[Event "DRUZYNOWE MISTRZOSTWA POLSKI JUNIOROW - II LIGA"]
[Site "Szczyrk, CKiR Orle Gniazdo ul. Wrzosowa 28a"]
[Date "2014-08-01"]
[Round "10.118"]
[White "Klisz, Karolina"]
[Black "Wyrzykowska, Aleksandra"]
[Result "1-0"]
[WhiteTitle "I"]
[BlackTitle "II"]
[WhiteElo "1440"]
[BlackElo "1080"]

1. e4 c5 2. d4 cxd4 3. c3 Nc6 4. Nf3 d5 5. exd5 Qxd5 6. cxd4 Bg4 7. Be2 e6 8. Nc3
Qd6 9. O-O Nf6 10. Nb5 Qd7 11. Bf4 Rc8 12. Qd2 a6 13. Nc3 Be7 14. Rfd1 Rd8 15.
Qe3 O-O 16. Ne5 Qc8 17. Nxg4 Rd7 18. Ne5 Nxe5 19. dxe5 Nd5 20. Nxd5 exd5 21. Qg3
Qc6 22. Rac1 Qe6 23. Bg4 f5 24. exf6 Qxf6 25. Be5 Qf7 26. Bxd7 1-0

[Event "DRUZYNOWE MISTRZOSTWA POLSKI JUNIOROW - II LIGA"]
[Site "Szczyrk, CKiR Orle Gniazdo ul. Wrzosowa 28a"]
[Date "2014-08-01"]
[Round "10.120"]
[White "Kruszynski, Krzysztof"]
[Black "Tamon, Radoslaw"]
[Result "0-1"]
[WhiteTitle "II"]
[BlackTitle "I"]
[WhiteElo "1675"]
[BlackElo "1721"]

1. e4 e6 2. d4 d5 3. e5 c5 4. c3 Nc6 5. Nf3 Bd7 6. Bd3 cxd4 7. cxd4 Nb4 8. Be2
f6 9. O-O fxe5 10. Nxe5 Nf6 11. Bg5 Be7 12. a3 Nc6 13. Bd3 Qc7 14. Bxf6 Bxf6 15.
Qh5+ g6 16. Bxg6+ Ke7 17. Nxc6+ bxc6 18. Bc2 Bxd4 19. Nc3 Qe5 20. Qh3 Raf8 21.
Rad1 Qf6 22. Rd2 e5 23. Qd3 Rhg8 24. Kh1 Rg7 25. f4 Qh4 26. Ne2 Bb6 27. Ng3 Rxf4
28. Re1 Kd8 29. Qc3 Rf6 30. Qxe5 Bc7 31. Rd4 Qh6 32. Qh5 Bxg3 0-1

[Event "DRUZYNOWE MISTRZOSTWA POLSKI JUNIOROW - II LIGA"]
[Site "Szczyrk, CKiR Orle Gniazdo ul. Wrzosowa 28a"]
[Date "2014-08-01"]
[Round "10.121"]
[White "Blocinski, Maciej"]
[Black "Osinski, Kamil"]
[Result "1/2-1/2"]
[WhiteTitle "I"]
[BlackTitle "I"]
[WhiteElo "1717"]
[BlackElo "1815"]

1. d4 Nf6 2. c4 g6 3. Nc3 Bg7 4. e4 d6 5. f4 O-O 6. Nf3 Bg4 7. Be2 c6 8. O-O Bxf3
9. Bxf3 e5 10. fxe5 dxe5 11. d5 cxd5 12. cxd5 Qb6+ 13. Kh1 Nbd7 14. Qe2 Ne8 15.
Be3 Qa5 16. a3 Rc8 17. Bg4 Qd8 18. Bxa7 Nd6 19. Nb5 Qe7 20. Nxd6 Qxd6 21. Qb5
Rc7 22. Bxd7 Qxd7 23. Qxd7 Rxd7 24. Bc5 Rc8 25. b4 f5 26. exf5 Rxd5 27. h3 e4
28. f6 Bf8 29. Bxf8 Kxf8 30. Rac1 Rxc1 31. Rxc1 Kf7 32. Kg1 Kxf6 33. Rc7 b5 34.
Kf2 h5 35. Rc6+ Kf5 36. g4+ hxg4 37. hxg4+ Kxg4 38. Rxg6+ Kf4 39. Ke2 Rh5 40.
Rf6+ Ke5 41. Rb6 Kd4 42. Rd6+ Kc4 43. Ke3 Rh3+ 44. Kxe4 Rxa3 45. Rd4+ Kb3 46.
Kd5 Ka4 47. Ke5 Rc3 48. Kd5 Rc8 49. Re4 Rd8+ 50. Kc5 Rc8+ 51. Kd5 Kb3 52. Rh4
Rc4 53. Rxc4 bxc4 1/2-1/2

[Event "DRUZYNOWE MISTRZOSTWA POLSKI JUNIOROW - II LIGA"]
[Site "Szczyrk, CKiR Orle Gniazdo ul. Wrzosowa 28a"]
[Date "2014-08-01"]
[Round "10.122"]
[White "Stanowski, Mateusz"]
[Black "Wloch, Mikolaj"]
[Result "1-0"]
[WhiteTitle "II"]
[BlackTitle "II"]
[WhiteElo "1336"]
[BlackElo "1482"]

1. e4 c5 2. Nf3 d6 3. d4 cxd4 4. Nxd4 Nf6 5. Nc3 g6 6. Be3 Bg7 7. Qd2 Ng4 8. O-O-O
Nxe3 9. Qxe3 O-O 10. h4 Nc6 11. Nde2 Be6 12. h5 Qa5 13. hxg6 fxg6 14. a3 b5 15.
Nf4 Bg4 16. f3 Bd7 17. Bxb5 Bxc3 18. Bc4+ Kg7 19. bxc3 Ne5 20. Ne6+ Kh8 21. Rxh7+
Kxh7 22. Qh6+ Kxh6 23. Rh1# 1-0

[Event "DRUZYNOWE MISTRZOSTWA POLSKI JUNIOROW - II LIGA"]
[Site "Szczyrk, CKiR Orle Gniazdo ul. Wrzosowa 28a"]
[Date "2014-08-01"]
[Round "10.126"]
[White "Krasinski, Mateusz"]
[Black "Madalinski, Jan"]
[Result "1/2-1/2"]
[WhiteTitle "II+"]
[BlackTitle "II"]
[WhiteElo "1657"]
[BlackElo "1474"]

1. e4 c5 2. Nf3 e6 3. d4 cxd4 4. Nxd4 Nf6 5. Nc3 Bb4 6. Ndb5 d5 7. a3 Bxc3+ 8.
Nxc3 d4 9. e5 dxc3 10. Qxd8+ Kxd8 11. exf6 gxf6 12. bxc3 Nc6 13. Be3 b6 14. O-O-O
Ke7 15. c4 Rb8 16. c5 b5 17. c3 a6 18. Kc2 Bb7 19. Be2 Ne5 20. f3 Nc4 21. Bxc4
bxc4 22. Rd6 a5 23. Rb6 Bd5 24. Ra6 Ra8 25. Rb6 Rab8 26. Ra6 Ra8 27. Rb6 Rab8
28. Ra6 Ra8 1/2-1/2

[Event "DRUZYNOWE MISTRZOSTWA POLSKI JUNIOROW - II LIGA"]
[Site "Szczyrk, CKiR Orle Gniazdo ul. Wrzosowa 28a"]
[Date "2014-08-01"]
[Round "10.132"]
[White "Kokoszczynski, Jan"]
[Black "Kosior, Jan"]
[Result "1/2-1/2"]
[WhiteTitle "I"]
[BlackTitle "II"]
[WhiteElo "1753"]
[BlackElo "1424"]

1. e4 c5 2. Nf3 Nc6 3. Bb5 e6 4. O-O a6 5. Bxc6 bxc6 6. d4 d5 7. exd5 cxd5 8. c3
Nf6 9. Nbd2 Be7 10. Re1 O-O 11. dxc5 Bxc5 12. Nb3 Bd6 13. Bg5 h6 14. Bh4 Bd7 15.
Qd2 Rb8 16. Nbd4 Be7 17. Ne5 Rb6 18. Bxf6 Bxf6 19. f4 Qe7 20. g4 Rfb8 21. b3 Bxe5
22. Rxe5 Qh4 23. Qe2 Rc8 24. Qf3 Rb7 25. Rc1 Rbc7 26. h3 Qf6 27. Re3 Rc5 28. Kg2
R5c7 29. Kg3 Re8 30. Kg2 Rec8 31. Kg3 Re8 32. Re5 Rec8 33. Re3 Re8 34. Kg2 Rec8
35. Kf2 Qh4+ 36. Kg2 Qf6 37. Kg3 Re8 38. Kg2 1/2-1/2

[Event "DRUZYNOWE MISTRZOSTWA POLSKI JUNIOROW - II LIGA"]
[Site "Szczyrk, CKiR Orle Gniazdo ul. Wrzosowa 28a"]
[Date "2014-08-01"]
[Round "10.133"]
[White "Wierzba, Maksymilian"]
[Black "Piotrowicz, Jakub"]
[Result "0-1"]
[WhiteTitle "II"]
[BlackTitle "II"]
[WhiteElo "1463"]
[BlackElo "1388"]

1. d4 d5 2. c4 Bf5 3. Nc3 e6 4. Nf3 c6 5. b3 Bb4 6. Bb2 Nf6 7. e3 Ne4 8. Rc1 Qa5
9. Be2 Nxc3 10. a3 Nxd1+ 11. Kxd1 Bxa3 12. Ra1 Qb6 13. Rxa3 Nd7 14. Kd2 O-O 15.
Kc3 a5 16. Ra4 Rfc8 17. c5 Nxc5 18. dxc5 Qxc5+ 19. Bc4 b5 20. Ba3 b4+ 21. Bxb4
axb4+ 22. Rxb4 Ra2 23. Rc1 dxc4 24. bxc4 Ra3+ 0-1

[Event "DRUZYNOWE MISTRZOSTWA POLSKI JUNIOROW - II LIGA"]
[Site "Szczyrk, CKiR Orle Gniazdo ul. Wrzosowa 28a"]
[Date "2014-08-01"]
[Round "10.134"]
[White "Rylski, Mateusz"]
[Black "Sloniewski, Kacper"]
[Result "1-0"]
[WhiteTitle "II"]
[BlackTitle "II"]
[WhiteElo "1347"]
[BlackElo "1093"]

1. e4 d5 2. exd5 Qxd5 3. Nc3 Qd6 4. d4 Nf6 5. Nf3 a6 6. Be3 e6 7. Qd2 Nbd7 8. O-O-O
Be7 9. Bf4 Qc6 10. d5 exd5 11. Nxd5 Nxd5 12. Qxd5 Qxd5 13. Rxd5 c6 14. Rd1 O-O
15. Bc4 b5 16. Bb3 Nc5 17. Rhe1 Nxb3+ 18. axb3 Be6 19. Bd6 Bxd6 20. Rxd6 Bd5 21.
Re7 f6 22. Nh4 Rad8 23. Rdd7 Rxd7 24. Rxd7 Rf7 25. Rd8+ Rf8 26. Rd7 Rf7 27. Rd8+
Rf8 28. Rd7 g5 29. Nf5 Be6 30. Nh6+ Kh8 31. Re7 Bd5 32. g4 Ra8 33. Kd2 a5 34.
Rc7 a4 35. Kc3 axb3 36. cxb3 Re8 37. Nf7+ Kg8 38. Nh6+ Kh8 39. Nf7+ Kg8 40. Nh6+
Kf8 41. Kd2 Re7 42. Rc8+ Re8 43. Rc7 Bf3 1-0

[Event "DRUZYNOWE MISTRZOSTWA POLSKI JUNIOROW - II LIGA"]
[Site "Szczyrk, CKiR Orle Gniazdo ul. Wrzosowa 28a"]
[Date "2014-08-01"]
[Round "10.136"]
[White "Golecka, Jadwiga"]
[Black "Dabrowska, Aleksandra"]
[Result "0-1"]
[WhiteTitle "II"]
[BlackTitle "II"]
[WhiteElo "1067"]
[BlackElo "1372"]

1. e4 e5 2. Nf3 Nc6 3. d4 exd4 4. Bc4 h6 5. Nxd4 Nxd4 6. Qxd4 d6 7. Nc3 Nf6 8.
Bf4 Be6 9. Bb3 Be7 10. Rd1 Qc8 11. O-O Bxb3 12. axb3 Qg4 13. e5 Nh5 14. exd6 Nxf4
15. Qe4 cxd6 16. Rfe1 Qg5 17. Qxb7 Rd8 18. Qe4 O-O 19. Nd5 Ne6 20. f4 Qh4 21.
g3 Qh5 22. Nxe7+ Kh8 23. Nc6 Qc5+ 24. Nd4 Nxd4 25. Qxd4 Qxc2 26. Re7 a5 27. Rd3
Rfe8 28. Rde3 Rxe7 29. Rxe7 Qxb3 30. Ra7 Rc8 31. Rxa5 Qf3 32. Qd2 Kg8 33. Rd5
Rc1+ 34. Qxc1 Qxd5 35. Qc8+ Kh7 36. Qc2+ g6 37. b4 Qd4+ 38. Kf1 Qxb4 39. Qc7 Kg7
40. Qd7 Qd2 41. h3 Qd3+ 42. Kg2 d5 43. g4 Qe4+ 44. Kg3 d4 45. f5 Qe3+ 46. Kh2
Qf4+ 47. Kg2 Qe4+ 48. Kh2 gxf5 49. gxf5 d3 50. Qd6 Qxf5 51. Qg3+ Kh7 52. Qe1 Qf3
53. h4 Qe2+ 54. Qxe2 dxe2 55. h5 e1=Q 56. Kg2 Qe3 57. Kh1 Kg7 58. Kh2 Kf6 0-1